The shattered self : a psychoanalytic study of trauma /

Bibliographic Details
Main Author: Ulman, Richard B.
Other Authors: Brothers, Doris
Format: Book
Language:English
Published: Hillsdale, NJ : Analytic Press : 1988.
Subjects:

MARC

Tag First Indicator Second Indicator Subfields
LEADER 00000cam a2200000 a 4500
001 in00000024815
005 20151007054418.0
008 870624s1988 nju b 00110 eng d
010 |a  87019266  
020 |a 0881630470 
035 |a (OCoLC)16226289 
035 |9 AAB4973AM 
040 |a DNLM/DLC  |c DLC  |d TXA  |d UtOrBLW 
049 |a TXAM  |c [A11502389] 
050 0 0 |a RC552.P67  |b U46 1988 
060 0 |a WM 170 U43s 
082 0 |a 616.85/21  |2 19 
100 1 |a Ulman, Richard B. 
245 1 4 |a The shattered self :  |b a psychoanalytic study of trauma /  |c Richard B. Ulman, Doris Brothers. 
264 1 |a Hillsdale, NJ :  |b Analytic Press :  |c 1988. 
264 2 |a Hillsdale, NJ :  |b Distributed solely by Lawrence Erlbaum, 
300 |a xvi, 328 pages ;  |c 24 cm. 
336 |a text  |b txt  |2 rdacontent 
337 |a unmediated  |b n  |2 rdamedia 
338 |a volume  |b nc  |2 rdacarrier 
504 |a Bibliography: pages 303-321. 
500 |a Includes index. 
650 0 |a Post-traumatic stress disorder  |x Treatment. 
650 0 |a Psychic trauma  |x Treatment. 
650 0 |a Psychoanalysis. 
700 1 |a Brothers, Doris. 
999 |a MARS 
999 f f |s 4d64c82c-6039-3a0b-80ac-ff0456f57dee  |i f9c4cdf9-050b-3889-9992-91ef8a485566  |t 0 
952 f f |p normal  |a Texas A&M University  |b College Station  |c Sterling C. Evans Library  |d Evans: Library Stacks  |t 0  |e RC552.P67 U46 1988  |h Library of Congress classification  |i unmediated -- volume  |m A14811502389 
998 f f |a RC552.P67 U46 1988  |t 0  |l Evans: Library Stacks